[Event "Toscolano op"]
[Site "Toscolano"]
[Date "1996.??.??"]
[Round "9"]
[White "Stantic, Severino"]
[Black "Magrin, Antonio"]
[Result "1/2-1/2"]
[WhiteElo "2105"]
[BlackElo "2070"]
[PlyCount "119"]
[EventDate "1996.??.??"]
[EventType "swiss"]
[EventRounds "9"]
[EventCountry "ITA"]
[SourceTitle "EXT 1998"]
[Source "ChessBase"]
[SourceDate "1997.11.17"]
[SourceVersion "1"]
[SourceVersionDate "1997.11.17"]
[SourceQuality "1"]

1. Nf3 d5 2. b3 Bf5 3. Bb2 e6 4. e3 Nd7 5. Be2 Ngf6 6. 0-0 h6 7. Nd4 Bh7 8. f4 c6 9. Nf3 Qa5 10. a3 Qc7 11. Ne5 Be7 12. d3 0-0 13. Nd2 Ne8 14. Ndf3 f6 15. Nxd7 Qxd7 16. c4 Nd6 17. c5 Nf7 18. b4 b6 19. Rc1 bxc5 20. bxc5 Rab8 21. Bd4 Rb7 22. Rb1 Rfb8 23. Qc2 Bd8 24. h3 Qc7 25. Rxb7 Qxb7 26. Rc1 Qb3 27. Qxb3 Rxb3 28. Rc3 Rb1+ 29. Kf2 Bc7 30. Rc2 e5 31. fxe5 Nxe5 32. Nxe5 Bxe5 33. Bxe5 fxe5 34. Rc3 Rb2 35. d4 Kf7 36. g3 Bf5 37. g4 Bc8 38. Ke1 g5 39. Rd3 e4 40. Rc3 Ke7 41. Bf1 Kd8 42. Be2 Kc7 43. Kf1 a5 44. Ke1 Kb8 45. Bf1 Ka7 46. Be2 Bb7 47. Kf1 a4 48. Ke1 Ba6 49. Bd1 Bb5 50. Bc2 Ra2 51. Kd1 Ra1+ 52. Kd2 Rh1 53. Bd1 Rh2+ 54. Kc1 Rxh3 55. Kb2 Rh2+ 56. Rc2 Rxc2+ 57. Kxc2 Ka6 58. Kd2 Ka5 59. Ke1 Bc4 60. Kf2 1/2-1/2

[Event "Imperia op 31st"]
[Site "Imperia"]
[Date "1989.09.09"]
[Round "8.18"]
[White "Magrin, Antonio"]
[Black "Di Donna, Massimo"]
[Result "0-1"]
[WhiteElo "2200"]
[BlackElo "2250"]
[PlyCount "90"]
[EventDate "1989.09.02"]
[EventType "swiss"]
[EventRounds "9"]
[EventCountry "ITA"]
[SourceTitle "EXT 2024"]
[Source "ChessBase"]
[SourceDate "2023.10.10"]
[SourceVersion "1"]
[SourceVersionDate "2023.10.10"]
[SourceQuality "1"]

1. d4 d5 2. Nf3 Nf6 3. Bf4 c5 4. c3 Qb6 5. Qb3 Nc6 6. e3 e6 7. Nbd2 Be7 8. Be2 0-0 9. Qc2 Bd7 10. Rd1 Rac8 11. Qb1 a6 12. Ne5 Qd8 13. 0-0 h6 14. Bg3 Nxe5 15. dxe5 Nh7 16. f4 f5 17. c4 Qc7 18. Nf3 Bc6 19. Nh4 Rfd8 20. cxd5 Bxd5 21. Nxf5 b5 22. Nxe7+ Qxe7 23. Rd2 c4 24. Rfd1 b4 25. Rd4 c3 26. bxc3 bxc3 27. Qc2 Qb7 28. Rb1 Qc7 29. Bd3 Nf8 30. e4 Bb7 31. Rxd8 Rxd8 32. Rb3 Rxd3 33. Qxd3 c2 34. Rc3 c1Q+ 35. Rxc1 Qxc1+ 36. Kf2 Qb2+ 37. Kf3 Qxa2 38. Bh4 Qa4 39. g4 Qd7 40. Qd6 a5 41. Be7 Qxd6 42. Bxd6 Nd7 43. f5 Kf7 44. h4 h5 45. fxe6+ Kxe6 0-1

[Event "Caorle op"]
[Site "Caorle"]
[Date "1989.??.??"]
[Round "4"]
[White "Magrin, Antonio"]
[Black "Magari, Roberto"]
[Result "1/2-1/2"]
[WhiteElo "2020"]
[BlackElo "1935"]
[PlyCount "32"]
[EventDate "1989.07.??"]
[EventType "swiss"]
[EventRounds "8"]
[EventCountry "ITA"]
[SourceTitle "EXT 2000"]
[Source "ChessBase"]
[SourceDate "1999.11.16"]
[SourceVersion "1"]
[SourceVersionDate "1999.11.16"]
[SourceQuality "1"]

1. d4 Nf6 2. Nf3 d6 3. g3 g6 4. Bg2 Bg7 5. Nc3 0-0 6. 0-0 Nbd7 7. e4 e5 8. d5 Nb6 9. h3 c6 10. Nh2 cxd5 11. exd5 Nh5 12. Ng4 f5 13. Nh6+ Kh8 14. Nxf5 Bxf5 15. g4 Bxc2 16. Qxc2 Nf4 1/2-1/2

[Event "Imperia op 27th"]
[Site "Imperia"]
[Date "1985.09.02"]
[Round "2"]
[White "Magrin, Antonio"]
[Black "Shaban, Abdelgawad"]
[Result "0-1"]
[WhiteElo "2090"]
[BlackElo "1949"]
[PlyCount "60"]
[EventDate "1985.09.01"]
[EventType "swiss"]
[EventRounds "9"]
[EventCountry "ITA"]
[SourceTitle "EXT 2024"]
[Source "ChessBase"]
[SourceDate "2023.10.10"]
[SourceVersion "1"]
[SourceVersionDate "2023.10.10"]
[SourceQuality "1"]

1. d4 Nf6 2. Nf3 d5 3. Bf4 g6 4. Nbd2 Bg7 5. e3 Nbd7 6. h3 0-0 7. Bd3 c5 8. c3 b6 9. Bh2 Bb7 10. 0-0 Ne4 11. Ne5 Nxe5 12. dxe5 Nxd2 13. Qxd2 e6 14. Rad1 Qc7 15. f4 Qc6 16. Rf2 Rfd8 17. Qe1 Bf8 18. Rfd2 b5 19. Bg3 Be7 20. Bh4 Bxh4 21. Qxh4 Qb6 22. Bb1 Rd7 23. Qg3 Rad8 24. f5 exf5 25. Bxf5 Re7 26. Bg4 Qc7 27. e4 Qxe5 28. Qf2 d4 29. b4 Bxe4 30. bxc5 d3 0-1

[Event "Imperia op 26th"]
[Site "Imperia"]
[Date "1984.09.08"]
[Round "8"]
[White "Magrin, Antonio"]
[Black "Mikenda, Werner"]
[Result "1/2-1/2"]
[WhiteElo "2124"]
[BlackElo "2270"]
[PlyCount "39"]
[EventDate "1984.09.01"]
[EventType "swiss"]
[EventRounds "9"]
[EventCountry "ITA"]
[SourceTitle "EXT 2024"]
[Source "ChessBase"]
[SourceDate "2023.10.10"]
[SourceVersion "1"]
[SourceVersionDate "2023.10.10"]
[SourceQuality "1"]

1. d4 d5 2. Nf3 Nc6 3. Bf4 Bg4 4. Nbd2 e6 5. c3 Bd6 6. Bg3 Nge7 7. e4 dxe4 8. Nxe4 0-0 9. Be2 Ng6 10. h3 Bxf3 11. Bxf3 Bxg3 12. fxg3 e5 13. dxe5 Ncxe5 14. 0-0 c6 15. Qxd8 Raxd8 16. Rad1 Nxf3+ 17. gxf3 Rfe8 18. Kf2 b6 19. Rd4 c5 20. Rdd1 1/2-1/2

[Event "Imperia op 26th"]
[Site "Imperia"]
[Date "1984.09.05"]
[Round "5"]
[White "Vezzosi, Paolo"]
[Black "Magrin, Antonio"]
[Result "1-0"]
[WhiteElo "2160"]
[BlackElo "2124"]
[PlyCount "103"]
[EventDate "1984.09.01"]
[EventType "swiss"]
[EventRounds "9"]
[EventCountry "ITA"]
[SourceTitle "EXT 2024"]
[Source "ChessBase"]
[SourceDate "2023.10.10"]
[SourceVersion "1"]
[SourceVersionDate "2023.10.10"]
[SourceQuality "1"]

1. e4 g6 2. d4 Bg7 3. Nc3 c6 4. Nf3 d5 5. h3 Nf6 6. Bd3 0-0 7. 0-0 dxe4 8. Nxe4 Nxe4 9. Bxe4 Be6 10. Re1 Bd5 11. Bg5 Re8 12. c3 f6 13. Bf4 Bf7 14. Qc2 Nd7 15. c4 Nf8 16. Rad1 Qd7 17. d5 c5 18. Re2 Red8 19. Red2 Rac8 20. Qb3 b6 21. Qa3 g5 22. Bh2 Bg6 23. Re1 Bxe4 24. Rxe4 Ng6 25. Re6 Nf8 26. Re1 Re8 27. Bg3 h6 28. Rde2 e5 29. dxe6 Rxe6 30. Rxe6 Nxe6 31. Re3 Qc6 32. Rd3 Bf8 33. Rd5 Nd4 34. Qd3 Re8 35. Nxd4 cxd4 36. Qxd4 Qe6 37. Kh2 Bc5 38. Qc3 a5 39. Qf3 Kg7 40. h4 gxh4 41. Bxh4 Bd6+ 42. g3 Be5 43. b3 h5 44. Kg2 Qg4 45. Qd3 Re7 46. Rd8 Ba1 47. Rd6 Qe2 48. Qd5 a4 49. Rxb6 Qxa2 50. Rb8 axb3 51. Qg8+ Kh6 52. Bg5+ 1-0

[Event "Lega Veneta 7th"]
[Site "Verona"]
[Date "1984.01.22"]
[Round "3"]
[White "Magrin, Antonio"]
[Black "Ubezio, Marco"]
[Result "1-0"]
[WhiteElo "2056"]
[BlackElo "2040"]
[PlyCount "67"]
[EventDate "1984.01.21"]
[EventType "swiss"]
[EventRounds "8"]
[EventCountry "ITA"]
[SourceTitle "EXT 2024"]
[Source "ChessBase"]
[SourceDate "2023.10.10"]
[SourceVersion "1"]
[SourceVersionDate "2023.10.10"]
[SourceQuality "1"]

1. d4 Nf6 2. Nf3 e6 3. Bf4 c5 4. e3 b6 5. Nbd2 Ba6 6. Be2 Be7 7. 0-0 Qc8 8. c4 cxd4 9. exd4 0-0 10. Rc1 Qb7 11. Ne5 Nc6 12. Bf3 Rac8 13. Re1 Rfd8 14. Nb3 d5 15. Nxc6 Rxc6 16. c5 bxc5 17. Na5 Qb6 18. Nxc6 Qxc6 19. dxc5 Bb7 20. b4 a5 21. a3 Nd7 22. h3 Bf6 23. Rb1 e5 24. Be3 axb4 25. axb4 e4 26. b5 Qc7 27. c6 exf3 28. Qxf3 Ne5 29. Qg3 Bc8 30. Bf4 Re8 31. b6 Qxc6 32. Bxe5 Bxe5 33. Rxe5 Be6 34. b7 1-0

[Event "Caorle op"]
[Site "Caorle"]
[Date "1984.??.??"]
[Round "2"]
[White "Blees, Albert"]
[Black "Magrin, Antonio"]
[Result "1/2-1/2"]
[WhiteElo "2225"]
[BlackElo "2200"]
[PlyCount "128"]
[EventDate "1984.??.??"]
[EventType "swiss"]
[EventRounds "8"]
[EventCountry "ITA"]
[SourceTitle "EXT 2002"]
[Source "ChessBase"]
[SourceDate "2001.11.25"]
[SourceVersion "1"]
[SourceVersionDate "2001.11.25"]
[SourceQuality "1"]

1. e4 g6 2. d4 Bg7 3. Nc3 c6 4. Nf3 d5 5. h3 Nf6 6. e5 Nfd7 7. Bg5 Nf8 8. Qd2 Ne6 9. Be3 Nd7 10. h4 h5 11. Be2 Ndf8 12. a4 a5 13. 0-0-0 Nc7 14. Ne1 Bd7 15. Nd3 b5 16. Nc5 b4 17. Na2 Nfe6 18. Nxe6 Bxe6 19. Kb1 Qd7 20. b3 Bf5 21. Nc1 c5 22. dxc5 Bxe5 23. Bd4 Bxd4 24. Qxd4 0-0-0 25. Bd3 Bxd3 26. Nxd3 f6 27. f4 Ne6 28. Qe3 d4 29. Qe4 Qd5 30. Rhe1 Qxe4 31. Rxe4 Nc7 32. Kb2 Rhe8 33. Nf2 e5 34. fxe5 Rxe5 35. Rexd4 Rxd4 36. Rxd4 Re2 37. Ne4 Ne6 38. Nd6+ Kd7 39. Rd1 Kc6 40. Nc4 Kxc5 41. Nxa5 Nd4 42. Nb7+ Kd5 43. Kb1 Rxg2 44. a5 Rg4 45. a6 Kc6 46. Nd8+ Kb6 47. a7 Kxa7 48. Rxd4 Rxd4 49. Nc6+ Kb6 50. Nxd4 g5 51. hxg5 fxg5 52. Nf3 g4 53. Nh4 Kc5 54. c4 bxc3 55. Kc2 Kd4 56. Ng2 g3 57. Nh4 Ke4 58. Kxc3 Kf4 59. Kd2 Kg4 60. Ng2 Kf3 61. Ne1+ Kf2 62. b4 h4 63. b5 g2 64. Nxg2 Kxg2 1/2-1/2

[Event "Caorle op"]
[Site "Caorle"]
[Date "1984.??.??"]
[Round "3"]
[White "Magrin, Antonio"]
[Black "Bellin, Robert"]
[Result "1/2-1/2"]
[WhiteElo "2200"]
[BlackElo "2370"]
[PlyCount "82"]
[EventDate "1984.??.??"]
[EventType "swiss"]
[EventRounds "8"]
[EventCountry "ITA"]
[SourceTitle "EXT 2002"]
[Source "ChessBase"]
[SourceDate "2001.11.25"]
[SourceVersion "1"]
[SourceVersionDate "2001.11.25"]
[SourceQuality "1"]

1. d4 f5 2. Bg5 d5 3. e3 c6 4. Nd2 Nf6 5. Bxf6 exf6 6. Bd3 Na6 7. c3 Nc7 8. Nh3 g6 9. Nf4 Ne6 10. Nxe6 Bxe6 11. h4 h5 12. Qc2 Bd6 13. 0-0-0 Qd7 14. Kb1 0-0-0 15. Nb3 Kb8 16. Nc5 Bxc5 17. dxc5 Qe7 18. b4 b6 19. cxb6 axb6 20. Qa4 Qb7 21. Rd2 Rh7 22. Qd1 Qc7 23. Qf3 Qe5 24. Rc1 Ra7 25. Rb2 Ra3 26. Rb3 Rxb3+ 27. axb3 Kc7 28. Kb2 Ra8 29. Qf4 c5 30. Bb5 Qxf4 31. exf4 Bd7 32. Bxd7 Kxd7 33. bxc5 bxc5 34. Re1 Kd6 35. Re3 d4 36. Rg3 Re8 37. cxd4 cxd4 38. Kc2 Re2+ 39. Kd3 Rxf2 40. Rxg6 Rxf4 41. g3 Re4 1/2-1/2